书目信息 |
| 题名: |
钢筋翻样与加工
|
|
| 作者: | 郭正恩 主编 | |
| 分册: | ||
| 出版信息: | 北京 机械工业出版社 2019.09 |
|
| 页数: | 139页 | |
| 开本: | 26cm | |
| 丛书名: | ||
| 单 册: | ||
| 中图分类: | TU755.3 | |
| 科图分类: | ||
| 主题词: | 建筑工程--jian zhu gong cheng--钢筋--工程施工--职业教育--教材 | |
| 电子资源: | ||
| ISBN: | 978-7-111-63122-4 | |
| 000 | 00985nam0 2200241 450 | |
| 001 | 2052723024 | |
| 005 | 20201107143850.13 | |
| 010 | @a978-7-111-63122-4@dCNY28.00 | |
| 100 | @a20191121d2019 em y0chiy50 ea | |
| 101 | 0 | @achi |
| 102 | @aCN@b110000 | |
| 105 | @aa a 000yy | |
| 200 | 1 | @a钢筋翻样与加工@Agang jin fan yang yu jia gong@f主编郭正恩 |
| 210 | @a北京@c机械工业出版社@d2019.09 | |
| 215 | @a139页@c图@d26cm | |
| 320 | @a有书目 | |
| 330 | @a本书紧密结合实际, 从平法基础知识、钢筋排布规则到钢筋翻样实例一步步引导学生掌握钢筋翻样的基本知识。本书共8章, 第1章主要介绍平法及钢筋翻样的基础知识 ; 第2-7章主要介绍基础、柱、剪力墙、框架梁、有梁楼盖和楼梯的钢筋翻样 ; 第8章介绍钢筋加工、绑扎及质量验收的相关知识点。 | |
| 333 | @a“十三五”职业教育建筑类专业规划教材 | |
| 606 | 0 | @a建筑工程@Ajian zhu gong cheng@x钢筋@x工程施工@x职业教育@j教材 |
| 690 | @aTU755.3@v5 | |
| 701 | 0 | @a郭正恩@Aguo zheng en@4主编 |
| 801 | 0 | @aCN@b人天书店@c20201001 |
| 905 | @aZUCC@dTU755.3@eG870 | |
| 钢筋翻样与加工/主编郭正恩.-北京:机械工业出版社,2019.09 |
| 139页:图;26cm |
| 使用对象:“十三五”职业教育建筑类专业规划教材 |
| ISBN 978-7-111-63122-4:CNY28.00 |
| 本书紧密结合实际, 从平法基础知识、钢筋排布规则到钢筋翻样实例一步步引导学生掌握钢筋翻样的基本知识。本书共8章, 第1章主要介绍平法及钢筋翻样的基础知识 ; 第2-7章主要介绍基础、柱、剪力墙、框架梁、有梁楼盖和楼梯的钢筋翻样 ; 第8章介绍钢筋加工、绑扎及质量验收的相关知识点。 |
| ● |
| 相关链接 |
|
|
|
正题名:钢筋翻样与加工
索取号:TU755.3/G870
 
预约/预借
| 序号 | 登录号 | 条形码 | 馆藏地/架位号 | 状态 | 备注 |
| 1 | 1485842 | 214858420 | 建筑库201/201建筑库 42排6列4层/ [索取号:TU755.3/G870] | 在馆 | |
| 2 | 1485843 | 214858439 | 建筑库201/201建筑库 42排6列4层/ [索取号:TU755.3/G870] | 在馆 |